| Record ID | ia:geschichtederr05sybe |
| Source | Internet Archive |
| Download MARC XML | https://archive.org/download/geschichtederr05sybe/geschichtederr05sybe_marc.xml |
| Download MARC binary | https://www.archive.org/download/geschichtederr05sybe/geschichtederr05sybe_meta.mrc |
LEADER: 01025cam a2200313l 4500
001 1012466
008 721229s1882 gw ger |
035 $a(Sirsi) AFA-6580
035 $a29322$bVol. 1
035 $a29320$bVol. 2
035 $a29319$bVol. 3
035 $a29318$bVol. 4
035 $a29321$bVol. 5
035 $a(OCoLC)5875548
040 $aOTU$bENG
090 19 $aHMod S9815g$bROBA$c1$d1-5
100 10 $aSybel, Heinrich von,$d1817-1895.
245 00 $aGeschichte der Revolutionszeit$bvon 1789 bis 1800.
250 $aEd. 4.
260 0 $aFrankfurt a.M.,$bRütten,$c1882.
300 $a5 vol.
596 $a52
651 0 $aEurope$xHistory$y18th century
948 $a07/15/1992$b01/21/1993
926 $aDOWNSVIEW$bCHECKEDOUT$cHMod S9815g V.1$dBOOK$e29/6/2011$f1
926 $aDOWNSVIEW$bREMOTE$cHMod S9815g V.2$dBOOK$f1
926 $aDOWNSVIEW$bREMOTE$cHMod S9815g V.3$dBOOK$f1
926 $aDOWNSVIEW$bREMOTE$cHMod S9815g V.4$dBOOK$f1
926 $aDOWNSVIEW$bCHECKEDOUT$cHMod S9815g V.5$dBOOK$e29/6/2011$f1